[Event "Dhaka Chowdhury Memorial Rating"]
[Site "Dhaka"]
[Date "2019.05.06"]
[Round "3"]
[White "Md Aminul, Islam"]
[Black "Hossain, Showkat Pollab"]
[Result "1-0"]
[WhiteElo "2012"]
[BlackElo "2150"]
[PlyCount "82"]
[EventDate "2019.05.04"]
[EventType "swiss"]
[EventRounds "9"]
[EventCountry "BAN"]
[SourceTitle "CBM 190 Extra"]
[Source "ChessBase"]
[SourceDate "2019.07.15"]
[SourceVersion "1"]
[SourceVersionDate "2019.07.15"]
[SourceQuality "1"]

1. Nf3 f5 2. d4 Nf6 3. g3 g6 4. Bg2 Bg7 5. 0-0 0-0 6. c4 d6 7. Nc3 c6 8. Bf4 Qe8 9. Qc1 Ng4 10. d5 Nd7 11. Be3 e5 12. dxe6 Nde5 13. b3 Bxe6 14. Rd1 Nxe3 15. Qxe3 Ng4 16. Qd3 Rd8 17. e3 Qe7 18. Rac1 h6 19. Nd4 Bc8 20. a4 a6 21. b4 Kh7 22. b5 axb5 23. axb5 Ne5 24. Qe2 c5 25. Nf3 Nd7 26. Nd5 Qf7 27. Ne1 Rfe8 28. Nd3 Ne5 29. h4 g5 30. hxg5 hxg5 31. f4 Ng4 32. fxg5 Nxe3 33. N3f4 Nxd1 34. Qxd1 Bd4+ 35. Kh2 Rh8 36. Bf3 Kg7+ 37. Kg2 Be6 38. g6 Qg8 39. Ne7 Bxc4 40. Nxg8 Rhxg8 41. Rxc4 Rh8 1-0

[Event "BAN Marcel 1st Div"]
[Site "Dhaka"]
[Date "2018.01.04"]
[Round "6.1"]
[White "Md Aminul, Islam"]
[Black "Md Rafikul, Islam"]
[Result "0-1"]
[WhiteElo "1976"]
[BlackElo "1944"]
[PlyCount "102"]
[EventDate "2017.12.30"]
[EventType "team-tourn"]
[EventRounds "9"]
[EventCountry "BAN"]
[SourceTitle "CBM 182 Extra"]
[Source "ChessBase"]
[SourceDate "2018.02.23"]
[SourceVersion "1"]
[SourceVersionDate "2018.02.23"]
[SourceQuality "1"]
[WhiteTeam "Debdas Biswas Smirity Sangsad"]
[BlackTeam "Mohakhali Pradip Sangah"]
[WhiteTeamCountry "BAN"]
[BlackTeamCountry "BAN"]

1. e4 e5 2. Nf3 Nc6 3. Bb5 a6 4. Ba4 Nf6 5. 0-0 b5 6. Bb3 Be7 7. Re1 d6 8. h3 0-0 9. c3 Na5 10. Bc2 c5 11. d3 Nc6 12. Nbd2 Qc7 13. Nf1 d5 14. Ng3 d4 15. Nh4 g6 16. Qe2 Nh5 17. Nhf5 Nxg3 18. Nxe7+ Qxe7 19. fxg3 Be6 20. Bh6 Rfc8 21. g4 dxc3 22. bxc3 b4 23. Ba4 bxc3 24. Bxc6 Rxc6 25. Qc2 Qd6 26. a3 c4 27. dxc4 Rxc4 28. Qf2 Qd4 29. Re3 Qd8 30. Rd3 Qe7 31. Rc1 Rac8 32. Qg3 f6 33. g5 Qc5+ 34. Kh1 f5 35. Rd5 f4 36. Rxc5 fxg3 37. Rxe5 R4c6 38. Kg1 c2 39. Kf1 Rb6 40. Ke2 Rb1 41. Kd2 Bb3 42. Rxc2 Rxc2+ 43. Kd3 Rd1+ 44. Ke3 Kf7 45. Ra5 Rxg2 46. Rxa6 Rgd2 47. Rf6+ Ke8 48. Rf8+ Kd7 49. Rf4 g2 50. Rg4 Bc4 51. e5 Re2+ 0-1

[Event "BAN Marcel 1st Div"]
[Site "Dhaka"]
[Date "2018.01.03"]
[Round "5.1"]
[White "Md Emdadul, Haque"]
[Black "Md Aminul, Islam"]
[Result "1-0"]
[WhiteElo "2018"]
[BlackElo "1976"]
[PlyCount "100"]
[EventDate "2017.12.30"]
[EventType "team-tourn"]
[EventRounds "9"]
[EventCountry "BAN"]
[SourceTitle "CBM 182 Extra"]
[Source "ChessBase"]
[SourceDate "2018.02.23"]
[SourceVersion "1"]
[SourceVersionDate "2018.02.23"]
[SourceQuality "1"]
[WhiteTeam "Hasan Memorial CC"]
[BlackTeam "Debdas Biswas Smirity Sangsad"]
[WhiteTeamCountry "BAN"]
[BlackTeamCountry "BAN"]

1. d4 Nf6 2. Bf4 e6 3. Nf3 c5 4. c3 Nc6 5. e3 d5 6. Nbd2 Bd6 7. Bg5 0-0 8. Bd3 e5 9. dxe5 Nxe5 10. Nxe5 Bxe5 11. Nf3 Bg4 12. h3 Bxf3 13. Qxf3 d4 14. exd4 cxd4 15. 0-0 dxc3 16. Qf5 Qd7 17. Qxe5 Qxd3 18. Bxf6 gxf6 19. Qxf6 c2 20. Rac1 Rac8 21. Qg5+ Qg6 22. Qe3 a6 23. Rfe1 Rfd8 24. Qb3 Rc7 25. Re3 Qh5 26. Rd3 Rxd3 27. Qxd3 Qc5 28. h4 h6 29. Kf1 b5 30. b3 Rc6 31. Kg1 b4 32. Kf1 Kf8 33. h5 Ke7 34. g4 Qb5 35. Qxb5 axb5 36. Ke2 f5 37. gxf5 Kf6 38. Kd2 Kxf5 39. Rxc2 Rxc2+ 40. Kxc2 Kg5 41. Kd3 Kxh5 42. Ke4 Kg5 43. Ke5 Kg6 44. Ke6 Kg5 45. Ke5 Kg6 46. f4 Kf7 47. Kf5 h5 48. Kg5 Ke6 49. f5+ Ke5 50. f6 Ke6 1-0

[Event "Dhaka Powertec op-B"]
[Site "Dhaka"]
[Date "2017.07.22"]
[Round "8"]
[White "Md Aminul, Islam"]
[Black "Moniruzzaman, Monir"]
[Result "1-0"]
[WhiteElo "1967"]
[BlackElo "1827"]
[PlyCount "77"]
[EventDate "2017.07.15"]
[EventType "swiss"]
[EventRounds "9"]
[EventCountry "BAN"]
[SourceTitle "EXT 2018"]
[Source "ChessBase"]
[SourceDate "2017.10.13"]
[SourceVersion "1"]
[SourceVersionDate "2017.10.13"]
[SourceQuality "1"]

1. e4 d5 2. exd5 Qxd5 3. Nc3 Qa5 4. d4 Bf5 5. Nf3 Nd7 6. Bd3 e6 7. 0-0 Be7 8. d5 Bxd3 9. Qxd3 Nc5 10. Qc4 Qa6 11. Qg4 Nf6 12. Qg3 Nxd5 13. Nxd5 exd5 14. Qxg7 Qf6 15. Qxf6 Bxf6 16. Be3 Ne6 17. Rad1 0-0-0 18. Bd4 Nxd4 19. Nxd4 Rhg8 20. Rfe1 Rg4 21. c3 Re4 22. Kf1 c5 23. Nf5 Kc7 24. Rxe4 dxe4 25. Rxd8 Bxd8 26. Ng3 b5 27. Nxe4 Kc6 28. Ke2 a5 29. g4 Kd5 30. Ke3 c4 31. f4 h6 32. a3 Ke6 33. Ng3 Be7 34. Nf5 b4 35. axb4 Bxb4 36. cxb4 axb4 37. Ke2 Kd5 38. Nxh6 c3 39. Kd3 1-0

[Event "BAN-chT2"]
[Site "Dhaka"]
[Date "2016.11.05"]
[Round "3.1"]
[White "Jaber, Al Hamid"]
[Black "Md Aminul, Islam"]
[Result "0-1"]
[WhiteElo "1905"]
[BlackElo "1948"]
[PlyCount "64"]
[EventDate "2016.11.03"]
[EventType "team-swiss"]
[EventRounds "7"]
[EventCountry "BAN"]
[SourceTitle "CBM 175 Extra"]
[Source "ChessBase"]
[SourceDate "2016.12.12"]
[SourceVersion "1"]
[SourceVersionDate "2016.12.12"]
[SourceQuality "1"]
[WhiteTeam "New Nation Fenchugonj"]
[BlackTeam "GIIT Chess Academy"]
[WhiteTeamCountry "BAN"]
[BlackTeamCountry "BAN"]

1. d4 Nf6 2. Nf3 e6 3. Bg5 h6 4. Bxf6 Qxf6 5. Qd3 c5 6. Nc3 d5 7. e4 c4 8. Qe3 Bb4 9. exd5 0-0 10. dxe6 Bxe6 11. 0-0-0 Bxc3 12. bxc3 Bd5 13. Ne5 Qa6 14. Be2 Nc6 15. Qg3 Qxa2 16. Nd7 Rfd8 17. Nf6+ Kh8 18. Nxd5 Rxd5 19. Bf3 Rxd4 20. Rxd4 Nxd4 21. Bd1 Ne2+ 22. Bxe2 Rd8 23. Bd3 cxd3 24. cxd3 Qa1+ 25. Kd2 Qxh1 26. Qc7 Re8 27. Qd7 Qe1+ 28. Kc2 Qe2+ 29. Kc1 Qf1+ 30. Kb2 Qxf2+ 31. Kb3 Qb6+ 32. Ka3 Re5 0-1

[Event "BAN-chT2"]
[Site "Dhaka"]
[Date "2016.11.04"]
[Round "2.2"]
[White "Hossain, Delwar"]
[Black "Md Aminul, Islam"]
[Result "1-0"]
[WhiteElo "2125"]
[BlackElo "1948"]
[PlyCount "68"]
[EventDate "2016.11.03"]
[EventType "team-swiss"]
[EventRounds "7"]
[EventCountry "BAN"]
[SourceTitle "CBM 175 Extra"]
[Source "ChessBase"]
[SourceDate "2016.12.12"]
[SourceVersion "1"]
[SourceVersionDate "2016.12.12"]
[SourceQuality "1"]
[WhiteTeam "Janata Bank Officer Welfare"]
[BlackTeam "GIIT Chess Academy"]
[WhiteTeamCountry "BAN"]
[BlackTeamCountry "BAN"]

1. Nf3 Nf6 2. c4 c5 3. Nc3 Nc6 4. g3 e5 5. Bg2 d6 6. 0-0 Be7 7. e3 0-0 8. h3 Re8 9. d4 Bf8 10. d5 Ne7 11. e4 Nd7 12. a4 f5 13. Ng5 Nf6 14. f4 Ng6 15. fxe5 Rxe5 16. Bf4 Nxf4 17. gxf4 Re8 18. Ne6 Bxe6 19. dxe6 Rxe6 20. exf5 Re7 21. Bd5+ Nxd5 22. Nxd5 Rf7 23. f6 gxf6 24. f5 Kh8 25. Kh1 Qd7 26. Qh5 Re8 27. Rae1 Re5 28. b3 Bg7 29. Rxe5 dxe5 30. Rd1 Rf8 31. Nxf6 Qc6+ 32. Nd5 Bh6 33. Rg1 Be3 34. Rg6 Rxf5 1-0